Niekto sa pozerá (Record no. 20712)
[ view plain ]
| 000 -LEADER | |
|---|---|
| fixed length control field | 01442cam a2200409 a 4500 |
| 001 - CONTROL NUMBER | |
| control field | 20712 |
| 003 - CONTROL NUMBER IDENTIFIER | |
| control field | VRT |
| 005 - DATE AND TIME OF LATEST TRANSACTION | |
| control field | 20260130123735.0 |
| 008 - FIXED-LENGTH DATA ELEMENTS--GENERAL INFORMATION | |
| fixed length control field | 250414s1994 xo g 0000f slo |
| 015 ## - NATIONAL BIBLIOGRAPHY NUMBER | |
| National bibliography number | SNBA1994/12 |
| 020 ## - INTERNATIONAL STANDARD BOOK NUMBER | |
| International Standard Book Number | 8022005592 |
| 035 ## - SYSTEM CONTROL NUMBER | |
| System control number | SNK000019836 |
| 035 ## - SYSTEM CONTROL NUMBER | |
| System control number | urn:nbn:sk:snk-amjb1b |
| 035 ## - SYSTEM CONTROL NUMBER | |
| System control number | urn:nbn:sk:snk-am003m61 |
| 035 ## - SYSTEM CONTROL NUMBER | |
| System control number | 0625A398-E81C-46C3-9220-89320A360A15 |
| 039 #9 - LEVEL OF BIBLIOGRAPHIC CONTROL AND CODING DETAIL [OBSOLETE] | |
| Level of rules in bibliographic description | 202504141420 |
| Level of effort used to assign nonsubject heading access points | VLOAD |
| Level of effort used to assign subject headings | 202407301054 |
| Level of effort used to assign classification | csnkv15 |
| Level of effort used to assign subject headings | 202407301044 |
| Level of effort used to assign classification | AUTHORITY |
| Level of effort used to assign subject headings | 202403181724 |
| Level of effort used to assign classification | VLOAD |
| 040 ## - CATALOGING SOURCE | |
| Original cataloging agency | SNK |
| Language of cataloging | slo |
| Transcribing agency | SNK |
| Description conventions | AACR2 |
| 041 1# - LANGUAGE CODE | |
| Language code of text/sound track or separate title | slo |
| Language code of original | eng |
| 044 ## - COUNTRY OF PUBLISHING/PRODUCING ENTITY CODE | |
| MARC country code | xo |
| ISO country code | SK |
| 080 ## - UNIVERSAL DECIMAL CLASSIFICATION NUMBER | |
| Universal Decimal Classification number | 820 (73)-3 |
| Edition identifier | 1981 |
| 100 1# - MAIN ENTRY--PERSONAL NAME | |
| Personal name | Clark, Mary Higgins, |
| Dates associated with a name | 1929-2020 |
| Relationship | aut |
| 240 12 - UNIFORM TITLE | |
| Uniform title | A Stranger is Watching |
| Language of a work | Slovensky |
| 245 10 - TITLE STATEMENT | |
| Title | Niekto sa pozerá |
| Statement of responsibility, etc. | Mary Higgins-Clark ; [z anglického originálu preložila Zuzana Vilikovská ; ilustrácie: Jana Šebestová] |
| 250 ## - EDITION STATEMENT | |
| Edition statement | 1. vyd. |
| 260 ## - PUBLICATION, DISTRIBUTION, ETC. | |
| Place of publication, distribution, etc. | Bratislava |
| Name of publisher, distributor, etc. | Slovenský spisovateľ |
| Date of publication, distribution, etc. | 1994 |
| 300 ## - PHYSICAL DESCRIPTION | |
| Extent | 178 s. |
| Dimensions | 20 cm |
| 490 1# - SERIES STATEMENT | |
| Series statement | Zelená knižnica |
| 700 1# - ADDED ENTRY--PERSONAL NAME | |
| Personal name | Vilikovská, Zuzana |
| Relationship | trl |
| 700 1# - ADDED ENTRY--PERSONAL NAME | |
| Personal name | Šebestová, Jana |
| Relationship | ill |
| 830 #0 - SERIES ADDED ENTRY--UNIFORM TITLE | |
| Uniform title | Zelená knižnica |
| 942 ## - ADDED ENTRY ELEMENTS (KOHA) | |
| Source of classification or shelving scheme | Dewey Decimal Classification |
| Koha item type | Krásna literatúra pre dospelých |
| Suppress in OPAC | No |
| 949 ## - LOCAL PROCESSING INFORMATION (OCLC) | |
| 6 | 17A0026644 |
| 9 | P60, <04>, [BOOK], {604} |
| a | snkSD 66782 D1 |
| 949 ## - LOCAL PROCESSING INFORMATION (OCLC) | |
| 6 | 17A0170536 |
| 9 | P60, <03>, [BOOK], {603} |
| a | snkSD 66782 |
| 949 ## - LOCAL PROCESSING INFORMATION (OCLC) | |
| 6 | 273K0211533 |
| a | svkpoA 163790 |
| b | svkpo404930 |
| o | PV 4325/94 |
| Stav vyradenia | Strata | Poškodenie | Spôsob nadobudnutia | Domovská knižnica | Aktuálna knižnica | Dátum nadobudnutia | Total checkouts | Čiarový kód exemplára | Date last seen | Typ exemplára |
|---|---|---|---|---|---|---|---|---|---|---|
| Dar | Obecná knižnica Horná Štubňa | Obecná knižnica Horná Štubňa | 30.01.2026 | 4736200851 | 30.01.2026 | Krásna literatúra pre dospelých |
